AN INTRODUCTION TO SOCIOLOGY (Record no. 7972)

MARC details
000 -LEADER
fixed length control field 00422nam a22001697a 4500
005 - DATE AND TIME OF LATEST TRANSACTION
control field 20220219165153.0
008 - FIXED-LENGTH DATA ELEMENTS--GENERAL INFORMATION
fixed length control field 220219b ||||| |||| 00| 0 eng d
020 ## - INTERNATIONAL STANDARD BOOK NUMBER
ISBN 978-81-225-0732-4
041 ## - LANGUAGE CODE
Language code of text/sound track or separate title eng
082 ## - DEWEY DECIMAL CLASSIFICATION NUMBER
Classification number 301
100 ## - MAIN ENTRY--AUTHOR NAME
Personal name BHUSHAN, VIDYA AND SACHDEVA, D.R.
245 ## - TITLE STATEMENT
Title AN INTRODUCTION TO SOCIOLOGY
260 ## - PUBLICATION, DISTRIBUTION, ETC. (IMPRINT)
Place of publication NEW DELHI
Name of publisher KITAB MAHAL
Year of publication 2022
300 ## - PHYSICAL DESCRIPTION
Number of Pages 552;p
650 ## - SUBJECT ADDED ENTRY--TOPICAL TERM
Topical Term BPT
942 ## - ADDED ENTRY ELEMENTS (KOHA)
Koha item type Books
Holdings
Lost status Damaged status Collection code Home library Current library Shelving location Date acquired Source of acquisition Cost, normal purchase price Full call number Accession Number Koha item type
    Reference JRU Library JRU Library SHELF- 8 - C 19/02/2022 PURCHASE 525.00 301 26556 Books
    PHYSIOTHERAPY JRU Library JRU Library Shelf - 24- E 19/02/2022 PURCHASE 525.00 301 26557 Books
    PHYSIOTHERAPY JRU Library JRU Library Shelf - 24- E 19/02/2022 PURCHASE 525.00 301 26558 Books
    PHYSIOTHERAPY JRU Library JRU Library Shelf - 24- E 19/02/2022 PURCHASE 525.00 301 26559 Books
    PHYSIOTHERAPY JRU Library JRU Library Shelf - 24- E 19/02/2022 PURCHASE 525.00 301 26560 Books